| 000 | 00522nam a22001817a 4500 | ||
|---|---|---|---|
| 003 | CEME | ||
| 005 | 20210628203910.0 | ||
| 008 | 210305b xxu||||| |||| 00| 0 eng d | ||
| 020 | _a1-56529-837-3 | ||
| 040 | _c. | ||
| 082 | _a005.133 TOU'U | ||
| 100 |
_aAnderews, Mark , Sanfilippo, Sal , Toupin, Edward.B _967764 |
||
| 245 | _aUsing turbo c plus plus 4.5 for windows , special edition | ||
| 260 |
_aUSA _bQUE _c1995 |
||
| 300 | _aXXVII,865P | ||
| 650 |
_aTURBO C PLUS PLUS 4.5 FOR WINDOWS _967765 |
||
| 942 |
_cBK _2ddc |
||
| 999 |
_c575473 _d575473 |
||